[Event "Berlin-ch QT"]
[Site "Berlin"]
[Date "2018.04.03"]
[Round "4"]
[White "Bluhm, Guenter"]
[Black "Jaeger, Andre"]
[Result "1/2-1/2"]
[WhiteElo "1790"]
[BlackElo "1965"]
[PlyCount "59"]
[EventDate "2018.03.31"]
[EventType "swiss"]
[EventRounds "9"]
[EventCountry "GER"]
[SourceTitle "EXT 2020"]
[Source "ChessBase"]
[SourceDate "2019.10.17"]
[SourceVersion "1"]
[SourceVersionDate "2019.10.17"]
[SourceQuality "1"]

1. e4 c5 2. Nf3 Nc6 3. d4 cxd4 4. Nxd4 Nf6 5. Nc3 e5 6. Ndb5 d6 7. Nd5 Nxd5 8. exd5 Nb8 9. c4 a6 10. Qa4 Nd7 11. Be3 Rb8 12. Nc3 Be7 13. Be2 0-0 14. 0-0 f5 15. f3 Bg5 16. Bf2 Qf6 17. Qa3 Qh6 18. Kh1 b6 19. Rad1 Rf6 20. Rd3 Nc5 21. Rdd1 Bf4 22. h3 e4 23. b4 exf3 24. Bxf3 Ne4 25. Nxe4 fxe4 26. Bxe4 Bg4 27. Bd4 Bxd1 28. Rxd1 Be5 29. Bxe5 dxe5 30. c5 1/2-1/2

[Event "Berlin-ch Seniors op 34th"]
[Site "Berlin"]
[Date "2018.02.08"]
[Round "9"]
[White "Bluhm, Guenter"]
[Black "Bluhm, Robert"]
[Result "1/2-1/2"]
[WhiteElo "1783"]
[BlackElo "1845"]
[PlyCount "24"]
[EventDate "2018.01.30"]
[EventType "swiss"]
[EventRounds "9"]
[EventCountry "GER"]
[SourceTitle "EXT 2020"]
[Source "ChessBase"]
[SourceDate "2019.10.17"]
[SourceVersion "1"]
[SourceVersionDate "2019.10.17"]
[SourceQuality "1"]

1. e4 e5 2. Nf3 Nc6 3. Bc4 Nf6 4. Ng5 d5 5. exd5 Nd4 6. c3 b5 7. Bf1 Nxd5 8. Nxf7 Kxf7 9. cxd4 exd4 10. Qf3+ Nf6 11. Qxa8 Bc5 12. Qc6 Qe7+ 1/2-1/2

[Event "Berlin-ch QT"]
[Site "Berlin"]
[Date "2017.04.10"]
[Round "2"]
[White "Steiger, Michael"]
[Black "Bluhm, Guenter"]
[Result "1-0"]
[WhiteElo "2011"]
[BlackElo "1728"]
[PlyCount "91"]
[EventDate "2017.04.09"]
[EventType "swiss"]
[EventRounds "9"]
[EventCountry "GER"]
[SourceTitle "CBM 189 Extra"]
[Source "ChessBase"]
[SourceDate "2019.06.03"]
[SourceVersion "1"]
[SourceVersionDate "2019.06.03"]
[SourceQuality "1"]

1. Nf3 Nf6 2. c4 c5 3. Nc3 Nc6 4. g3 g6 5. Bg2 Bg7 6. d4 cxd4 7. Nxd4 0-0 8. Nc2 d6 9. 0-0 Be6 10. b3 Nd7 11. Bb2 f5 12. Bd5 Bxd5 13. cxd5 Nce5 14. Nd4 Rf7 15. Ne6 Qa5 16. Nxg7 Rxg7 17. e4 Nf6 18. f4 Neg4 19. Qd4 Qb6 20. Qxb6 axb6 21. h3 Nh6 22. e5 Nh5 23. Kh2 Rf7 24. Nb5 dxe5 25. fxe5 Rd8 26. Rad1 Rff8 27. a4 Nf7 28. e6 Ng5 29. Ba3 Rfe8 30. Nc7 Rc8 31. Rc1 Ne4 32. Nxe8 Rxe8 33. Rf3 Nhf6 34. Rd3 Nd6 35. Rc7 Nfe4 36. Kg2 Kf8 37. Rd4 Ra8 38. Rxe4 fxe4 39. Bxd6 exd6 40. Rxh7 Ra5 41. Rxb7 Rxd5 42. Rxb6 Rd2+ 43. Kf1 Ke7 44. a5 Kxe6 45. Rb4 d5 46. a6 1-0

[Event "Berlin-ch Seniors op 33rd"]
[Site "Berlin"]
[Date "2017.02.06"]
[Round "6"]
[White "Bluhm, Guenter"]
[Black "Schroeder, Wolfgang1111"]
[Result "1/2-1/2"]
[WhiteElo "1793"]
[BlackElo "1668"]
[PlyCount "106"]
[EventDate "2017.01.31"]
[EventType "swiss"]
[EventRounds "9"]
[EventCountry "GER"]
[SourceTitle "EXT 2019"]
[Source "ChessBase"]
[SourceDate "2018.10.10"]
[SourceVersion "1"]
[SourceVersionDate "2018.10.10"]
[SourceQuality "1"]

1. e4 c5 2. c3 Nf6 3. e5 Nd5 4. d4 cxd4 5. cxd4 Nc6 6. Nf3 d6 7. Nc3 Nxc3 8. bxc3 d5 9. Bd3 e6 10. 0-0 Be7 11. g3 0-0 12. h4 f6 13. exf6 gxf6 14. Re1 Qe8 15. Bf4 Qh5 16. Kg2 e5 17. dxe5 Bg4 18. Be2 Rad8 19. Nh2 Bxe2 20. Qxe2 Qxe2 21. Rxe2 fxe5 22. Bxe5 Nxe5 23. Rxe5 Bf6 24. Re3 d4 25. Re2 dxc3 26. Rc1 Rd2 27. Rc2 Rfd8 28. Nf3 Rxe2 29. Rxe2 b5 30. Ne1 Rd2 31. Kf1 Kf7 32. Nc2 Rxe2 33. Kxe2 a5 34. a3 Ke6 35. Kd3 Kd5 36. f4 h5 37. Ne3+ Kc5 38. Kc2 b4 39. axb4+ axb4 40. Kb3 Kd4 41. Nc2+ Ke4 42. Nxb4 Kf3 43. Nd5 Bg7 44. Ne7 Bf6 45. Nd5 Bg7 46. f5 Kxg3 47. f6 Bf8 48. Ne7 Kf3 49. Kxc3 Ke4 50. Ng6 Bd6 51. f7 Kf5 52. f8Q+ Bxf8 53. Nxf8 Kg4 1/2-1/2

[Event "Berlin-ch Seniors op 33rd"]
[Site "Berlin"]
[Date "2017.01.31"]
[Round "1"]
[White "Postler, Reinhard"]
[Black "Bluhm, Guenter"]
[Result "1-0"]
[WhiteElo "2248"]
[BlackElo "1793"]
[PlyCount "53"]
[EventDate "2017.01.31"]
[EventType "swiss"]
[EventRounds "9"]
[EventCountry "GER"]
[SourceTitle "EXT 2019"]
[Source "ChessBase"]
[SourceDate "2018.10.10"]
[SourceVersion "1"]
[SourceVersionDate "2018.10.10"]
[SourceQuality "1"]

1. e4 e5 2. Nf3 Nc6 3. Bb5 Nge7 4. 0-0 g6 5. c3 Bg7 6. d4 exd4 7. cxd4 d5 8. exd5 Nxd5 9. Re1+ Be6 10. Bg5 Qd6 11. Nc3 Nxc3 12. bxc3 0-0 13. Qd2 a6 14. Be2 Na5 15. Bh6 Bd5 16. Bxg7 Kxg7 17. Ne5 b5 18. h4 f6 19. Ng4 Rh8 20. Qh6+ Kf7 21. Bd3 Nc6 22. h5 Rag8 23. Ne3 Ne7 24. Nxd5 Qxd5 25. Bc2 Nf5 26. hxg6+ Rxg6 27. Qh3 1-0

[Event "Berlin-ch Seniors op 32nd"]
[Site "Berlin"]
[Date "2016.02.01"]
[Round "6"]
[White "Schraepel, Manfred"]
[Black "Bluhm, Guenter"]
[Result "1/2-1/2"]
[WhiteElo "1913"]
[BlackElo "1759"]
[PlyCount "83"]
[EventDate "2016.01.26"]
[EventType "swiss"]
[EventRounds "9"]
[EventCountry "GER"]
[SourceTitle "EXT 2019"]
[Source "ChessBase"]
[SourceDate "2018.10.10"]
[SourceVersion "1"]
[SourceVersionDate "2018.10.10"]
[SourceQuality "1"]

1. d4 d5 2. c4 c6 3. Nf3 Bf5 4. e3 e6 5. Bd3 Bg6 6. 0-0 Nd7 7. b3 Bd6 8. Bb2 Ne7 9. Qe2 f5 10. Nbd2 0-0 11. Ng5 Rf6 12. f4 h6 13. Ngf3 Bh5 14. Qf2 Ng6 15. Ne5 Bc7 16. h3 Ngxe5 17. fxe5 Rf8 18. Ba3 Re8 19. Nf3 Nb6 20. Nh2 Qg5 21. Kh1 Bd8 22. Rg1 Qh4 23. Qxh4 Bxh4 24. g3 Be7 25. c5 Nd7 26. g4 Bg6 27. Raf1 Rf8 28. b4 a6 29. Bc1 Bh7 30. gxf5 exf5 31. Nf3 Kh8 32. Rg2 g6 33. Rfg1 Rg8 34. a4 Nf8 35. b5 axb5 36. axb5 Ne6 37. bxc6 bxc6 38. h4 Rgb8 39. Kh2 Ra1 40. Rb2 Rxb2+ 41. Bxb2 Ra2 42. Rg2 1/2-1/2

[Event "Berlin-ch Seniors op 32nd"]
[Site "Berlin"]
[Date "2016.01.29"]
[Round "4"]
[White "Tham, Franz"]
[Black "Bluhm, Guenter"]
[Result "1/2-1/2"]
[WhiteElo "1585"]
[BlackElo "1759"]
[PlyCount "48"]
[EventDate "2016.01.26"]
[EventType "swiss"]
[EventRounds "9"]
[EventCountry "GER"]
[SourceTitle "EXT 2019"]
[Source "ChessBase"]
[SourceDate "2018.10.10"]
[SourceVersion "1"]
[SourceVersionDate "2018.10.10"]
[SourceQuality "1"]

1. Nf3 d5 2. d4 Nf6 3. c4 c6 4. Nc3 Bf5 5. e3 e6 6. Qb3 Qc7 7. g3 Be7 8. Bg2 h6 9. 0-0 0-0 10. Bd2 Bd3 11. Nxd5 exd5 12. Qxd3 a5 13. Rac1 Qd6 14. a3 Ne4 15. cxd5 cxd5 16. Ne5 f5 17. Bxe4 fxe4 18. Qb5 b6 19. Nc6 Bd8 20. Nxb8 Rxb8 21. Rc6 Qd7 22. a4 Rb7 23. Rfc1 Qf5 24. Rf1 Qd7 1/2-1/2

[Event "Berlin-ch Seniors op 32nd"]
[Site "Berlin"]
[Date "2016.01.27"]
[Round "2"]
[White "Schiemann, Dieter"]
[Black "Bluhm, Guenter"]
[Result "0-1"]
[WhiteElo "1537"]
[BlackElo "1759"]
[PlyCount "56"]
[EventDate "2016.01.26"]
[EventType "swiss"]
[EventRounds "9"]
[EventCountry "GER"]
[SourceTitle "EXT 2019"]
[Source "ChessBase"]
[SourceDate "2018.10.10"]
[SourceVersion "1"]
[SourceVersionDate "2018.10.10"]
[SourceQuality "1"]

1. e4 e5 2. Nf3 Nc6 3. Bb5 Nge7 4. 0-0 g6 5. Nc3 Bg7 6. Nd5 0-0 7. Nxe7+ Qxe7 8. Bxc6 dxc6 9. h3 f5 10. d3 f4 11. b3 c5 12. c4 b6 13. Bb2 Bb7 14. Qc2 Rad8 15. Rad1 Rd6 16. Bc3 a5 17. a3 Rfd8 18. b4 axb4 19. axb4 cxb4 20. Bxb4 c5 21. Bc3 g5 22. Nh2 h5 23. g3 g4 24. hxg4 hxg4 25. Rd2 f3 26. Nxg4 Qd7 27. Nxe5 Bxe5 28. Qd1 Bxc3 0-1